00532nam a2200181 a 45000010010000000030011000100080041000210350026000620820014000881000020001022450029001222600041001516500014001929420012002069520097002189980020003159990015003350000-8623ELIB.Books110520 1989  a(ELIB.Books)0000-8769 a251 bLon aLong, Thomas G. aThe Witness of Preaching bLouisville: Westminster Press c1989 aPreaching 2ddccBK 00102ddc4070aKBTSbKBTSd2011-05-20l0p1640, 14869r2022-01-22 00:00:00w2022-01-22yBK cbate2011-05-20 c8623d8623